00931nam a22002297a 450000500170000001000130001702000110003003500130004103700160005404000120007008200170008224501890009926000410028827000380032930000300036765000540039765000520045170000250050394200260052899900190055495201280057320170124110035.0 aA-838068 c300.00 aA-838068 bCen Lib/Ret aDPLbEN a336.294bTAX aTaxationn's income-tax act, 1961 :cedited by O. C. Tandonb with Wealth Tax Act, 1957, Interest-Tax Act, 1974, Expenditure-Tax Act, 1987 : (as amended by the Finance [no. 2] Act 1998) aNew DelhibShri B. B. Bhargavac1997 bNew Delhia174, Jor Baghe110003 avarious pagingsc23cm(Hb) aIncome tax -- Law and legislation -- India914650 aTaxation -- Law and legislation -- India918097 aTandon, O. C.922486 2ddccENh336.294mTAX c128132d128132 01104070aLbLd2015-07-01eCen Lib/Retg300.00l0o336.294 TAXpA-838068r2015-07-01 00:00:00t1v300.00w2015-07-01yEN